000 00449pab a2200169 454500
008 180718b1997 xxu||||| |||| 00| 0 eng d
100 _aChengappa, P.G.
245 _aFive decades of agricultural marketing: retrospect and prospects
260 _c1997
300 _ap.80-83
362 _aAug
650 _aAgricultural markets - India
650 _aAgricultural markets
700 _aRavishankar, A.
773 _aKurukshetra
909 _a35358
999 _c35358
_d35358